Anime/manga characters - Statistics

General Stats
  • This quiz has been taken 25 times
  • The average score is 9 of 21
Answer Stats
Anime/Manga Hint Answer % Correct
One Piece Has fire powers, brother of main character Portgas D Ace
76%
My Hero Academia Ice and fire powers Shoto Todoroki
76%
Hunter x Hunter MC's best friend, fights using a yoyo and electricity Killua Zoldyck
71%
Jujutsu Kaisen King of curses Ryomen Sukuna
67%
Demon Slayer Slayer who kill demons with poison Shinobu Kocho
62%
Fights with gum and cards Hisoka Morow
57%
One of MC's team, can invoke familiars Megumi Fushiguro
52%
Archaeologist of the MC's crew Nico Robin
52%
Owns a pet snake Obanai Iguro
52%
Head teacher of class 1-A, is often seen sleeping in a yellow sleeping bag Shota Aizawa
52%
Fairy Tail Dragon Slayer also known as Salamander Natsu Dragneel
43%
Detective Conan Detective in a child body because of a poison Conan Edogawa / Shinichi Kudo
38%
Uses a ton of different armors and weapons Erza Scarlet
38%
Red hair, known for his violent personality, friend with ^ Karma Akabane
33%
Teacher of 3-E, his students have to kill him Koro
33%
Assassination Classroom MC with blue hair, learns a secret technique from a professional assassin Nagisa Shiota
33%
Black Butler MC who made a pact with a demon Ciel Phantomhive
14%
Said demon Sebastian Michaelis
14%
Bear Monokuma
5%
Second boy detective, knows about ^'s real identity Heiji Hattori
0%
Danganronpa MC, went in the school with the talent "Ultimate lucky student" Makoto Naegi
0%
No matching quizzes found
Score Distribution
Percent of People with Each Score
Percentile by Number Answered
Your Score History
You have not taken this quiz